| 000 | 00532nam a2200181 i 4500 | ||
|---|---|---|---|
| 001 | 66180 | ||
| 003 | ES-MaACL | ||
| 005 | 20230906165547.0 | ||
| 007 | t| | ||
| 008 | 040128s1969 sp ||||1| spa d | ||
| 100 | 1 |
_aGainham, Sarah. _953258 |
|
| 245 | 1 | 3 |
_aLa noche cae sobre la ciudad / _cpor Sarah Gainham ; [traducción de Adolfo Martín]. |
| 250 | _a[1ª ed.]. | ||
| 260 |
_aBarcelona : _bPlaza & Janés, _c[1969] |
||
| 300 |
_a592 p. ; _c20 cm. |
||
| 700 | 1 |
_aMartín, Adolfo. _977259 |
|
| 852 |
_aES-MaACL _jC-36470 _bR.69637 |
||
| 999 |
_c66180 _d66180 |
||